000 00430nam a22001697a 4500
003 BD-ChCU
005 20251109143049.0
008 251103b bg ||||| |||| 00| 0 ben d
040 _cBD-ChCU
082 _a297 SII
100 _aSiddiqui, S.A.
_915752
245 _aIslam and freedom of religion.
_cS.A. Siddiqui
260 _aChittagong:
_bSiddiqui ,
_cN.D.
300 _a44p
650 0 _aIslam
_915299
942 _2ddc
_cBK
_n0
999 _c109047
_d109047